| 000 | 00923nas a2200313 4500 | ||
|---|---|---|---|
| 001 | BR0304549 | ||
| 003 | BR-BrBNA | ||
| 005 | 20231205104046.0 | ||
| 007 | ta | ||
| 008 | 230509b bl.|||p| |||| 00| 00por d | ||
| 040 |
_aBR-BrBNA _bpor _cBiblioteca Nacional de Agricultura |
||
| 041 | _a(En) | ||
| 072 | _aQ54 | ||
| 100 | 1 | _aMazzafera, P. | |
| 245 | 1 | _aDegradation of caffeine by microorganisms and potential use of decaffeinated coffee husk and pulp in animal feeding | |
| 650 | _aCAFÉ | ||
| 650 | _aCAFEÍNA | ||
| 650 | _aALCALÓIDE | ||
| 650 | _aMICRORGANISMO | ||
| 650 | _aBACTÉRIA | ||
| 650 | _aPALHA | ||
| 650 | _aPOLPA | ||
| 650 | _aNUTRIÇÃO ANIMAL | ||
| 650 | _aPROCESSAMENTO | ||
| 650 | _aCOMPOSIÇÃO QUÍMICA | ||
| 773 | 0 |
_tScientia Agrícola (Brazil) _xISSN 0103-9016 _g(Oct-Dec 2002), v. 59(4) p. 815-821 _wBR0304549 |
|
| 909 |
_a202311 _bLúcia _c55 _dLúcia Elande |
||
| 942 |
_2AGRIS _n0 _cANA |
||
| 999 |
_c176126 _d176126 |
||